000
00192 a2200097 4500
001
3287
100
_a
Doorly, E
245
_a
Raduim woman
260
_a
_b
W Heinemann
_c
090
_c
2566
_d
2566
942
_a
NUST-CAE
_c
M
_c
17402
999
_c
238360
_d
238360